Kolektívne investovanie podielové a penzijné fondy

Na minha lista:
Detalhes bibliográficos
Autor principal: Chovancová, Božena
Outros Autores: Bačišin, Vladimír
Formato: Livro
Idioma:eslovaco
Publicado em: Bratislava IURA EDITION 2005
Colecção:Ekonómia
Assuntos:
Tags: Adicionar Tag
Sem tags, seja o primeiro a adicionar uma tag!

MARC

LEADER 00000nam$a2200000$$$4500
001 0039157
005 20240502071502.6
020 |a 80-8078-062-5 
041 0 |a slo 
044 |a SK 
245 1 0 |a Kolektívne investovanie  |b podielové a penzijné fondy  |c Božena Chovancová, Vladimír Bačišin 
264 1 |a Bratislava  |b IURA EDITION  |c 2005 
300 |a 219 s. 
490 1 |a Ekonómia 
830 0 |a Ekonómia 
610 2 0 |a investovanie kolektívne 
610 2 0 |a fondy penzijné 
610 2 0 |a fondy podielové 
610 2 0 |a modely 
610 2 0 |a model CAPM 
610 2 0 |a riziko 
610 2 0 |a stratégia investičná 
610 2 0 |a indexy 
610 2 0 |a trh kapitálový 
610 2 0 |a Európa 
610 2 0 |a Slovensko 
610 2 0 |a USA 
100 1 |a Chovancová, Božena 
700 1 |a Bačišin, Vladimír